Ochrona srodowiska w strukturze celów przedsiebiorstwa.
Miesto ochrany životného prostredia v štruktúre podniku a v typológii podnikovej politiky. Endogénna a exogénna činnosť v prospech ekológie. Typológia politiky ochrany životného prostredia realizovaná podnikom. Štyri typy ochrany životného prostredia.
Salvato in:
| Autore principale: | |
|---|---|
| Altri autori: | |
| Natura: | Capitolo di libro |
| Lingua: | polacco |
| Soggetti: | |
| Tags: |
Nessun Tag, puoi essere il primo ad aggiungerne!!
|
MARC
| LEADER | 00000naa a2200000 4500 | ||
|---|---|---|---|
| 001 | r004728 | ||
| 005 | 20221125122533.3 | ||
| 041 | 0 | |a pol | |
| 044 | |a PL | ||
| 245 | 1 | 0 | |a Ochrona srodowiska w strukturze celów przedsiebiorstwa. |c J. Majchrzak, K. Zimniewicz |
| 520 | |a Miesto ochrany životného prostredia v štruktúre podniku a v typológii podnikovej politiky. Endogénna a exogénna činnosť v prospech ekológie. Typológia politiky ochrany životného prostredia realizovaná podnikom. Štyri typy ochrany životného prostredia. | ||
| 610 | 2 | 0 | |a ochrana prostredia životného |
| 610 | 2 | 0 | |a ciele podnikové |
| 610 | 2 | 0 | |a politika podniková |
| 610 | 2 | 0 | |a ekológia |
| 100 | 1 | |a Majchrzak, J. | |
| 700 | 1 | |a Zimniewicz, K. | |